Statistics for Mob & Gangster Movie Quotes

Click here to take the quiz!

General Stats

  • This quiz has been taken 14,301 times
    (14,295 since last reset)
  • The average score is 7 of 14

Answer Stats

QuoteMovie% Correct
I'm gonna make him an offer he can't refuseThe Godfather
98%
Say 'ello to my little friend!Scarface
88%
Funny how, I mean funny like I'm a clown, I amuse you?Goodfellas
80%
I know it was you Fredo. You broke my heartThe Godfather, Part II
80%
That's a pretty ****ing good milkshake. I don't know if it's worth five dollars
but it's pretty ****ing good
Pulp Fiction
59%
Just when I thought I was out... they pull me back inThe Godfather, Part III
58%
I want you to find this nancy-boy, Eliot Ness - I want him dead! I want his family dead!The Untouchables
51%
You beat Nicky with fists, he comes back with a bat. You beat him with a knife,
he comes back with a gun. And you beat him with a gun, you better kill him, because
he'll keep comin' back and back until one of you is dead
Casino
47%
But this tipping automatically, it's for the birds. As far as I'm concerned,
they're just doing their job
Reservoir Dogs
38%
The greatest trick the devil ever pulled was convincing the world he didn't existThe Usual Suspects
38%
When they send for you, you go in alive, you come out dead, and it's
your best friend that does it
Donnie Brasco
23%
Now yous can't leaveA Bronx Tale
18%
Made it, Ma! Top of the world!White Heat
10%
Whenever there is any doubt, there is no doubt. That's the first thing they teach youRonin
5%

Score Distribution

Percentile by Number Answered

Percent of People with Each Score

Your Score History

You have not taken this quiz since the last reset